000
00313nam a2200109Ia 4500
008
171204s9999 xx 000 0 und d
245
_a
Discourses on Algebra:
245
_c
Igor R. Shafarevich
260
_c
2013
650
_x
G-MATH1 Modern College Algebra
856
_u
http://down.ebook777.com/050/3540422536.pdf
999
_c
345503
_d
345503